| 000 | 00639nam a22002057a 4500 | ||
|---|---|---|---|
| 005 | 20251108170521.0 | ||
| 008 | 250721s2000 xx 000 0 ara d | ||
| 082 | 1 | 4 | _a332.35/شبل |
| 100 | 1 | _aالشبلي، محمد إبراهيم | |
| 245 | 1 | 0 | _aمقدمة في الأسواق المالية و النقدية / |
| 264 | 1 |
_aعمان : _bالمؤلفين، _c2000. |
|
| 300 | _a160ص. | ||
| 650 | 1 | 7 | _aالأسواق المالية |
| 650 | 1 | 7 | _aروؤس الأموال |
| 650 | 1 | 7 | _aالسندات |
| 650 | 1 | 7 | _aالإستثمارات |
| 700 | 1 | _aالشبلي، طارق إبراهيم | |
| 942 |
_2ddc _cBK |
||
| 999 |
_c42438 _d42438 |
||